| Tag |
First Indicator |
Second Indicator |
Subfields |
| LEADER |
00000cam a2200000 4500 |
| 001 |
in00000056633 |
| 005 |
20151008050344.0 |
| 008 |
770319s1942 nyu 00000 eng |
| 010 |
|
|
|a 42003738
|
| 035 |
|
|
|a (OCoLC)02815345
|
| 035 |
|
|
|9 AAG0602AM
|
| 040 |
|
|
|a DLC
|c DMM
|d OCL
|d TXA
|d UtOrBLW
|
| 049 |
|
|
|a TXAM
|c [122182]
|
| 050 |
|
0 |
|a E744
|b .M2
|
| 082 |
0 |
|
|a 327.73
|
| 092 |
|
|
|a 327.73
|b M131a
|
| 100 |
1 |
|
|a MacCormac, John Patrick,
|d 1895-
|
| 245 |
1 |
0 |
|a America and world mastery ;
|b the future of the United States, Canada, and the British empire /
|c [by] John MacCormac.
|
| 264 |
|
1 |
|a New York :
|b Duell, Sloan and Pearce,
|c [1942]
|
| 300 |
|
|
|a 6 pages ., 3-338 pages ;
|c 21 cm.
|
| 336 |
|
|
|a text
|b txt
|2 rdacontent
|
| 337 |
|
|
|a unmediated
|b n
|2 rdamedia
|
| 338 |
|
|
|a volume
|b nc
|2 rdacarrier
|
| 500 |
|
|
|a "First edition."
|
| 650 |
|
0 |
|a World politics.
|
| 651 |
|
0 |
|a United States
|x Foreign relations
|y 20th century.
|
| 651 |
|
0 |
|a United States
|x Foreign relations
|z Great Britain.
|
| 651 |
|
0 |
|a Great Britain
|x Foreign relations
|z United States.
|
| 999 |
|
|
|a MARS
|
| 999 |
f |
f |
|s 5c8a27d2-6fc0-3c00-ad11-c49c9ffef8a6
|i 033b38ae-5e90-3587-bc00-979bc9a48ffe
|t 0
|
| 952 |
f |
f |
|p ric
|a Texas A&M University
|b Rellis Campus
|c Joint Library Facility
|d Remote Storage
|t 0
|e E744 .M2
|h Library of Congress classification
|i unmediated -- volume
|m A14800678973
|
| 998 |
f |
f |
|a E744 .M2
|t 0
|l Remote Storage
|